<?xml version="1.0" encoding="UTF-8"?>
<record
    xmlns:xsi="http://www.w3.org/2001/XMLSchema-instance"
    xsi:schemaLocation="http://www.loc.gov/MARC21/slim http://www.loc.gov/standards/marcxml/schema/MARC21slim.xsd"
    xmlns="http://www.loc.gov/MARC21/slim">

  <leader>03246nam a2200253Ia 4500</leader>
  <controlfield tag="003">IT-RoPAU</controlfield>
  <controlfield tag="005">20220918175733.0</controlfield>
  <controlfield tag="008">120407s9999    xx            000 0 und d</controlfield>
  <datafield tag="040" ind1=" " ind2=" ">
    <subfield code="a">IT-RoPAU</subfield>
  </datafield>
  <datafield tag="040" ind1=" " ind2=" ">
    <subfield code="c">IT-RoPAU</subfield>
  </datafield>
  <datafield tag="041" ind1=" " ind2=" ">
    <subfield code="a">ita</subfield>
  </datafield>
  <datafield tag="100" ind1=" " ind2=" ">
    <subfield code="a">Giacomo Alberione</subfield>
    <subfield code="q">Fondatore Famiglia Paolina</subfield>
    <subfield code="9">40</subfield>
  </datafield>
  <datafield tag="245" ind1=" " ind2=" ">
    <subfield code="a">Prediche del Rev. Primo Maestro</subfield>
    <subfield code="b">Dicembre 1952 - Dicembre 1953</subfield>
  </datafield>
  <datafield tag="250" ind1=" " ind2=" ">
    <subfield code="a">1</subfield>
  </datafield>
  <datafield tag="260" ind1=" " ind2=" ">
    <subfield code="a">Roma</subfield>
    <subfield code="b">FSP</subfield>
    <subfield code="c">1954</subfield>
  </datafield>
  <datafield tag="300" ind1=" " ind2=" ">
    <subfield code="a">182 p.</subfield>
  </datafield>
  <datafield tag="300" ind1=" " ind2=" ">
    <subfield code="c">17  cm</subfield>
  </datafield>
  <datafield tag="490" ind1=" " ind2=" ">
    <subfield code="a">Edizioni Paoline</subfield>
  </datafield>
  <datafield tag="490" ind1=" " ind2=" ">
    <subfield code="v">1</subfield>
  </datafield>
  <datafield tag="500" ind1=" " ind2=" ">
    <subfield code="a">Riportiamo  cos&#xEC; come l' abbiamo potuta raccogliere la preziosa parola che il Rev. Primo Maestro rivolse alle Famiglie Paoline.</subfield>
  </datafield>
  <datafield tag="520" ind1=" " ind2=" ">
    <subfield code="a">Indice
La Sacra Liturgia: tempo d' Avvento                       pag.      5
Preparazione al Natale: &lt;&lt;Sobrie, ac iuste, ac pie
     vivamus...&gt;&gt;                                                   &gt;&gt;       10
Le adorazioni davanti al Tabernacolo, vero presepio &gt;&gt;       17
Il Tabernacolo e il presepio                                    &gt;&gt;       21
L' umilt&#xE0;                                                              &gt;&gt;       27
La passione predominante: 1.a Meditazione           &gt;&gt;       32
La passione predominante:  2.a Meditazione           &gt;&gt;      39
La coroncina a Ges&#xF9; Maestro                                &gt;&gt;      45
Festa del SS.Nome di Ges&#xF9;                                  &gt;&gt;      50
Santificazione della mente                                    &gt;&gt;       55
Commemorazione del Maestro Giaccardo              &gt;&gt;       62
Domenica III dopo L' Epifania: La guarigione del
    lebbroso e del servo del centurione                    &gt;&gt;       65
La mortificazione                                                 &gt;&gt;        71
San Giuseppe                                                     &gt;&gt;        78
Le tentazioni: 1.a Meditazione                              &gt;&gt;        84
Le tentazioni. 2.a Meditazione                              &gt;&gt;        90
Il peccato veniale                                                 &gt;&gt;        96
Il dono dell' intelletto                                            &gt;&gt;       102
Il dono del consiglio                                             &gt;&gt;       106
Il dono della fortezza                                           &gt;&gt;        113
Il dono della scienza                                            &gt;&gt;       119
Il dono della piet&#xE0;                                                &gt;&gt;       125
Il dono del timor di Dio                                         &gt;&gt;       131
Il giudizio particolare                                           &gt;&gt;        136
Domenica XV dopo Pentecoste: Il figlio della ve-
     dova di Naim                                                  &gt;&gt;       142
Domenica XVI dopo Pentecoste: L' idropico guarito
     di sabato                                                       &gt;&gt;       148
L' Immacolata 1.a Meditazione                             &gt;&gt;       155
L' Immacolata 2.a Meditazione                             &gt;&gt;       161
L' Immacolata 3.a Meditazione                             &gt;&gt;       166
Maria Regina di tutti i Santi                                  &gt;&gt;       172
Maria Mediatrice di tutte le grazie                         &gt;&gt;       177  
</subfield>
  </datafield>
  <datafield tag="942" ind1=" " ind2=" ">
    <subfield code="c">BK</subfield>
    <subfield code="2">ddc</subfield>
  </datafield>
  <datafield tag="999" ind1=" " ind2=" ">
    <subfield code="c">27572</subfield>
    <subfield code="d">27572</subfield>
  </datafield>
  <datafield tag="952" ind1=" " ind2=" ">
    <subfield code="0">0</subfield>
    <subfield code="1">0</subfield>
    <subfield code="2">ddc</subfield>
    <subfield code="4">0</subfield>
    <subfield code="6">SCGA__71_000000000000000</subfield>
    <subfield code="7">1</subfield>
    <subfield code="a">PAULUS</subfield>
    <subfield code="b">PAULUS</subfield>
    <subfield code="d">2012-04-11</subfield>
    <subfield code="l">0</subfield>
    <subfield code="o">ScGA.71</subfield>
    <subfield code="r">2012-04-11 00:00:00</subfield>
    <subfield code="w">2012-04-11</subfield>
    <subfield code="y">BK</subfield>
    <subfield code="z">Inserito da: Sergio In data: 27 settembre 2011 fondo: Via A.Severo 56 Progr:29584</subfield>
  </datafield>
</record>
